Notes on Charlotte Brontë's Jane Eyre

Kaydedildi:
Detaylı Bibliyografya
Materyal Türü: Kitap
Dil:İngilizce
Baskı/Yayın Bilgisi: Londres Metheuen Educational 1967
Seri Bilgileri:Metheuen's Study-Aids
Konular:
Etiketler: Etiketle
Etiket eklenmemiş, İlk siz ekleyin!

MARC

LEADER 00000nam a2200000 a 4500
001 UCQ3898
003 CL-VaPUC
008 980828e19670000UK |||||||||||||||||eng|d
082 0 4 |a 823.09  |b NOT  |2 21 
245 1 0 |a Notes on Charlotte Brontë's Jane Eyre 
300 |a 46 p 
942 |c BK 
945 |d 19980828 00:00:00  |a crobeson 
260 |a Londres  |b Metheuen Educational  |c 1967 
600 0 |a Brontë, Charlotte  |d 1816-1855  |9 418106 
650 7 |a NOVELA INGLESA  |2 CL-VaPUC  |9 309260 
650 0 |a Literatura inglesa  |9 312907 
650 0 |a Crítica e interpretación   |9 255042 
583 |a last modification  |c 19980828 00:00:00  |k Rodrigo Vera 
490 0 |a Metheuen's Study-Aids 
999 |c 274409  |d 274407 
952 |0 0  |1 0  |4 0  |6 823_090000000000000_NOT_1967  |7 0  |8 A  |9 310569  |a BIBEDU  |b BIBEDU  |d 2019-11-20  |i 1459481  |o 823.09 NOT 1967  |p 1459481  |r 2019-11-20  |w 2019-11-20  |y BK  |k LIT